000 00722nam a2200253Ia 4500
003 OSt
005 20220918192512.0
006 a|||||r|||| 00| 0
007 ta
008 220917b |||||||| |||| 00| 0 eng d
024 _a68,780
037 _cTextual
040 _aARTS
_cARTS
_beng
041 _2eng
_aeng
082 _aR3, L11
100 _aRescher Nicholas ed
_975379
245 0 _aStudies in the philosophy of mind
260 _aOxford
_bBasil Blackwell UK
_c1971
300 _a84p.
_ccm.
490 _aAmerican philosophical quarterly : monograph series , ed by Nicholas Rescher; 6
650 _aPHILOSOPHY
942 _hR3, L11
_cTEXL
_2CC
999 _c194951
_d194951